000 00604nam a22002297a 4500
003 UA-OsUOA
001 63711
007 ta
008 20091016b un ||||| |||| 00| 0 ukr d
100 _aБілий М. С.
090 _a53
_bБ67
942 _cBK
040 _aUA-OsUOA
_bukr
_cUA-OsUOA
_dUA-OsUOA
245 _aМетодика викладання фізики в семирічній школі
_bПосібник для вчителів
300 _a282 с.
955 _a2
041 _aukr
080 _a53
260 _aК.
_c1954
650 7 _a53 Фізика
_2UDC
999 _c349750
_d349750